[Event "Paris-ch op"]
[Site "Paris"]
[Date "1991.??.??"]
[Round "1"]
[White "Bernard, Christophe"]
[Black "Bouland, Stephane"]
[Result "1/2-1/2"]
[WhiteElo "2310"]
[BlackElo "2250"]
[PlyCount "38"]
[EventDate "1991.05.??"]
[EventType "swiss"]
[EventRounds "9"]
[EventCountry "FRA"]
[SourceTitle "TD"]
[Source "ChessBase"]
[SourceDate "1994.03.01"]
[SourceVersion "1"]
[SourceVersionDate "1994.03.01"]
[SourceQuality "1"]

1. d4 Nf6 2. c4 g6 3. Nc3 d5 4. Nf3 Bg7 5. cxd5 Nxd5 6. Bd2 0-0 7. Rc1 b6 8. e4 Nxc3 9. Bxc3 Bb7 10. Bd3 Nd7 11. 0-0 e6 12. b4 Rc8 13. b5 c5 14. bxc6 Rxc6 15. Bb5 Rc7 16. Qd3 Qa8 17. Nd2 Rfc8 18. Bb2 a6 19. Rxc7 Rxc7 1/2-1/2

[Event "Paris-ch op"]
[Site "Paris"]
[Date "1991.??.??"]
[Round "8"]
[White "Bouland, Stephane"]
[Black "Verat, Laurent"]
[Result "1-0"]
[WhiteElo "2250"]
[BlackElo "2290"]
[PlyCount "87"]
[EventDate "1991.05.??"]
[EventType "swiss"]
[EventRounds "9"]
[EventCountry "FRA"]
[SourceTitle "TD"]
[Source "ChessBase"]
[SourceDate "1994.03.01"]
[SourceVersion "1"]
[SourceVersionDate "1994.03.01"]
[SourceQuality "1"]

1. d4 Nf6 2. Nf3 e6 3. c4 Bb4+ 4. Nbd2 b6 5. a3 Bxd2+ 6. Bxd2 Bb7 7. Bg5 d6 8. e3 Nbd7 9. Bh4 h6 10. b4 g5 11. Bg3 Ne4 12. Nd2 Nxd2 13. Qxd2 h5 14. h4 g4 15. Rc1 Nf6 16. d5 e5 17. Bd3 e4 18. Bc2 Qe7 19. Bf4 0-0-0 20. Bg5 Rhg8 21. Qd4 Rg6 22. g3 Re8 23. Ba4 Rd8 24. Bb3 Qe5 25. Qxe5 dxe5 26. 0-0 b5 27. d6 Rxd6 28. c5 Ra6 29. a4 bxa4 30. Bxf7 Rg7 31. b5 Rxf7 32. bxa6 Bxa6 33. Rfd1 Bd3 34. Bxf6 Rxf6 35. c6 Rd6 36. Rc5 a6 37. Rdc1 Bb5 38. Rxe5 Rxc6 39. Rxc6 Bxc6 40. Rxh5 Bb5 41. Rc5 Kd7 42. h5 Ke8 43. h6 Kf7 44. Rg5 1-0